000 01204nam a2200313 a 4500
001 12771
003 BD-JhCC
005 20230511091348.0
008 230511r19931987vau b 001 0 eng
010 _a 90005171
020 _a0912463716
020 _a091246352X
040 _aDLC
_cDLC
_dDLC
_dBD-JhCC
050 0 0 _aBP173.5
_b.A28 1993
082 0 0 _a297/.19787
_220
_bABU 1990
100 1 _aAbūSulaymān, ʻAbdulḤamīd.
240 1 0 _aIslamic theory of international relations.
_f1993.
245 1 0 _aTowards an Islamic theory of international relations :
_bnew directions for Islamic methodology and thought /
_cʻAbdulḤamīd A. AbūSulaymān.
250 _a2nd rev. ed.
260 _aHerndon, Va., U.S.A. :
_bInternational Institute of Islamic Thought,
_c1993.
300 _axlii, 192 p. ;
_c23 cm.
440 0 _aIslamization of knowledge series ;
_v1
500 _aOriginally published as the author's thesis (doctoral), University of Pennsylvania, 1987.
504 _aIncludes bibliographical references (p. 169-183) and index.
650 0 _aIslam and world politics.
906 _a7
_bcbc
_corignew
_d1
_eocip
_f19
_gy-gencatlg
942 _2ddc
_cBK
999 _c12771
_d12771